LIBRARY & INFORMATION CENTRE, KCAET, TAVANUR

ONLINE PUBLIC ACCESS CATALOGUE (OPAC)

Anthropometry: The measurement of body size, shape and form / (Record no. 3968)

MARC details
000 -LEADER
fixed length control field 00425cam a2200157ua 4500
041 ## - LANGUAGE CODE
Language code of text/sound track or separate title eng
082 ## - DEWEY DECIMAL CLASSIFICATION NUMBER
Classification number 573.6
Item number SUR/AN
100 ## - MAIN ENTRY--AUTHOR NAME
Personal name Surinder, Nath .
245 ## - TITLE STATEMENT
Title Anthropometry: The measurement of body size, shape and form /
260 ## - PUBLICATION, DISTRIBUTION, ETC. (IMPRINT)
Place of publication India :
Name of publisher Friends Publications ,
Year of publication 1993.
300 ## - PHYSICAL DESCRIPTION
Number of Pages 339 ; .
500 ## - GENERAL NOTE
General note **Reference
942 ## - ADDED ENTRY ELEMENTS (KOHA)
Koha item type Books
Holdings
Withdrawn status Lost status Damaged status Home library Current library Date acquired Full call number Accession Number Koha item type
      KAUAET KAUAET 07/04/2012 573.6 19388 Reference
free website counter